Manual de trabajos prácticos de microscopía: cátedra de Biología Celular Primer Año de Odontología

Збережено в:
Бібліографічні деталі
Автор: Guerra Muñoz, Rosa L (Автор)
Формат: Книга
Мова:Іспанська
Опубліковано: Valparaíso Universidad de Valparaíso 2005
Предмети:
Теги: Додати тег
Немає тегів, Будьте першим, хто поставить тег для цього запису!

MARC

LEADER 00000cam a2200000 a 4500
001 UCF6941
003 CL-VaPUC
008 130530e20050000CL |||||||||||||||||spa|d
020 |a 9562140490 
082 0 4 |a 611.018  |b GUE  |2 21 
100 |a Guerra Muñoz, Rosa L  |e author  |9 744975 
245 1 0 |a Manual de trabajos prácticos de microscopía: cátedra de Biología Celular Primer Año de Odontología 
300 |a 217 p 
942 |c BK 
945 |d 20130530 00:00:00  |a dcastane 
260 |a Valparaíso  |b Universidad de Valparaíso  |c 2005 
650 0 |a Histología   |9 264868 
650 0 |a Microscopía  |9 406002 
583 |a last modification  |c 20130530 09:49:00  |k Rodrigo Vera 
999 |c 351925  |d 351923